Не бъркайте имената на двамата възрожденци Никола Михайлов и Никола Михайловски (Запис номер 512486)
[ съкратено ]
| 000 -Лидер | |
|---|---|
| Лидер | 01391aaa a2200301 a 4500 |
| 003 - Код на организацията, давaща контролен номер | |
| Код на организацията, даваща контролен номер | BLK |
| 005 - Дата и час на последна редакция | |
| Дата и час на последна редакция | 20240620110137.0 |
| 007 - Фиксирано поле за физическо описани | |
| Физическо описание | ta |
| 008 - Елементи от данни с фиксирана дължина | |
| Елементи с фиксирана дължина | 221104b bu |||||r|||| 00| | bu d |
| 040 ## - Източник на каталожния запис | |
| Код на библиотеката | BLK |
| 041 ## - Код за език | |
| Език | Български |
| Език за КДБФ | Български |
| 080 ## - УДК | |
| УДК текст | Българско национално възраждане |
| УДК код | 94(497.2)"1762/1878" |
| УДК – определител | (092) |
| УДК – код + определител | 94(497.2)"1762/1878"(092) |
| 080 ## - УДК | |
| УДК текст | Биографии - България |
| УДК код | 929(497.2) |
| УДК – код + определител | 929(497.2) |
| 100 1# - Редна дума - Автор | |
| R(LIN) | 53203 |
| Автор | Георгиева, Нели |
| 245 ## - Сведения за заглавието | |
| Заглавие | Не бъркайте имената на двамата възрожденци Никола Михайлов и Никола Михайловски |
| Авторска отговорност | Нели Георгиева |
| 300 ## - Физическа характеристика | |
| Брой страници | 1994, № 22, с. 3. |
| 520 ## - Забележка за наличие на резюме, анотация и т.н | |
| Анотация, рецензия | Двамата книжовни и просветни дейци родени в Елена са вписали имената си в историята на града ни |
| 600 #0 - Име на лице, използвано като предмет | |
| 9 (RLIN) | 379892 |
| За него / За нея | Михайлов, Никола |
| 600 #0 - Име на лице, използвано като предмет | |
| 9 (RLIN) | 380238 |
| За него / За нея | Михайловски, Никола Стоянов |
| 651 #7 - Допълнително описание по предмет - топоним | |
| 9 (RLIN) | 179462 |
| Географско понятие | Русе |
| 653 ## - Ключова дума – ненормативна | |
| 9 (RLIN) | 192608 |
| Ключови думи | общественици |
| 653 ## - Ключова дума – ненормативна | |
| 9 (RLIN) | 188758 |
| Ключови думи | книжовници |
| 773 08 - Описание на основна библиографска единица при аналитични записи (многотомни) | |
| Заглавие на източника | РУСЕ 7 |
| Контролен номер на записа | 295636 |
| Място на издаване, издател и година | Русе-С 1990 |
| Международен стандартен номер на серията ISSN | C603-6066 |
| Информация за връзката | . // |
| 856 ## - Електронен адрес и достъп | |
| Инструкция (цена за достъп) | 0.00 |
| Права за достъп | disable |
| 942 ## - АРТИКУЛИ | |
| Източник на класификационната схема | Universal Decimal Classification |
| Вид на библиотечния документ | Статия |
| Скрит в OPAC | Не |
| 944 ## - СЪЗДАВАНЕ И РЕДАКЦИЯ на ЗАПИСА | |
| Дата на регистрацията/редакция | Русанова Ирена |
| Служител, извършил регистрацията/редакцията | 30542 |
| Номер на служител | Русанова Ирена |
| 999 ## - СИСТЕМНИ КОНТРОЛНИ НОМЕРА | |
| Koha biblionumber | 512486 |
| Koha biblioitemnumber | 512486 |
| 999 ## - СИСТЕМНИ КОНТРОЛНИ НОМЕРА | |
| Koha biblioitemnumber | 512486 |
Няма налични копия.